Loading...
| Science - Biology | 0 | 7 | 0 | 0 | 70 | 67 | 89.57 | 1 | 4 | 0.00 | 0.00 |
| History - European | 0 | 6 | 1 | 0 | 55 | 59 | 80.67 | 2 | 6 | 0.00 | 0.00 |
| Fine Arts - Other | 0 | 5 | 0 | 1 | 50 | 71 | 97.20 | 1 | 3 | 0.00 | 0.00 |
| History - American | 0 | 5 | 1 | 2 | 45 | 65 | 90.40 | 0 | 2 | 0.00 | 0.00 |
| Fine Arts - Visual | 0 | 4 | 0 | 1 | 40 | 61 | 101.75 | 1 | 2 | 0.00 | 0.00 |
| Fine Arts - Classical Music | 0 | 3 | 0 | 0 | 30 | 65 | 104.33 | 0 | 1 | 0.00 | 0.00 |
| History - Other | 0 | 3 | 0 | 1 | 30 | 76 | 87.00 | 0 | 1 | 0.00 | 0.00 |
| History - World | 0 | 3 | 1 | 0 | 25 | 35 | 66.67 | 2 | 3 | 0.00 | 0.00 |
| Geography/Current Events | 0 | 3 | 1 | 1 | 25 | 99 | 112.00 | 0 | 0 | 0.00 | 0.00 |
| Literature - World/Other | 0 | 2 | 0 | 1 | 20 | 57 | 90.50 | 1 | 1 | 0.00 | 0.00 |
| Literature - British | 0 | 2 | 0 | 0 | 20 | 83 | 89.50 | 0 | 2 | 0.00 | 0.00 |
| Social Science | 0 | 2 | 0 | 2 | 20 | 110 | 113.00 | 0 | 2 | 0.00 | 0.00 |
| Philosophy | 0 | 1 | 0 | 0 | 10 | 60 | 60.00 | 1 | 1 | 0.00 | 0.00 |
| Science - Chemistry | 0 | 1 | 0 | 0 | 10 | 88 | 88.00 | 0 | 0 | 0.00 | 0.00 |
| Literature - European | 0 | 1 | 1 | 0 | 5 | 74 | 74.00 | 0 | 1 | 0.00 | 0.00 |